AGRICULTURAL DEVELOPMENT BASED Oការអភិវឌ្ឍន៍កសិកម្មដោយផ្អែកលើប្រព័ន្ធគ្រប់គ្រង និង ឥទានជនបទ ខេត្តពោធិ៍សាត់ (Record no. 227)
[ view plain ]
| 000 -LEADER | |
|---|---|
| fixed length control field | 00630nam a22001577a 4500 |
| 003 - CONTROL NUMBER IDENTIFIER | |
| control field | OSt |
| 005 - DATE AND TIME OF LATEST TRANSACTION | |
| control field | 20150910142628.0 |
| 008 - FIXED-LENGTH DATA ELEMENTS--GENERAL INFORMATION | |
| fixed length control field | 150910b xxu||||| |||| 00| 0 eng d |
| 040 ## - CATALOGING SOURCE | |
| Transcribing agency | RUA |
| 082 ## - DEWEY DECIMAL CLASSIFICATION NUMBER | |
| Classification number | AGR ឡាយ 1995 BOO11 Or.1 |
| 100 ## - MAIN ENTRY--PERSONAL NAME | |
| 9 (RLIN) | 240 |
| Personal name | ឡាយ វិសិដ្ឋ |
| 245 ## - TITLE STATEMENT | |
| Title | AGRICULTURAL DEVELOPMENT BASED Oការអភិវឌ្ឍន៍កសិកម្មដោយផ្អែកលើប្រព័ន្ធគ្រប់គ្រង និង ឥទានជនបទ ខេត្តពោធិ៍សាត់ |
| 260 ## - PUBLICATION, DISTRIBUTION, ETC. (IMPRINT) | |
| Place of publication, distribution, etc. | PHNOMPHEN |
| Name of publisher, distributor, etc. | RUA |
| Date of publication, distribution, etc. | 1995 |
| 300 ## - PHYSICAL DESCRIPTION | |
| Extent | 25P. |
| Other physical details | ILL. |
| Dimensions | 29CM. |
| 942 ## - ADDED ENTRY ELEMENTS (KOHA) | |
| Source of classification or shelving scheme | |
| Koha item type | AGR |
| Price effective from | Date last seen | Permanent Location | Not for loan | Date acquired | Source of classification or shelving scheme | Koha item type | Barcode | Lost status | Damaged status | Withdrawn status | Current Location | Full call number |
|---|---|---|---|---|---|---|---|---|---|---|---|---|
| 2015-09-10 | 2015-09-10 | Library Block B | 2015-09-10 | AGR | rua003829 | Library Block B | AGR ឡាយ 1995 BOO11 Or.1 | |||||
| 2015-09-10 | 2015-09-10 | Library Block B | 2015-09-10 | AGR | rua003696 | Library Block B | AGR ឡាយ 1995 BOO11 Or.2 | |||||
| 2015-09-10 | 2015-09-10 | Library Block B | 2015-09-10 | AGR | rua003768 | Library Block B | AGR ឡាយ 1995 BOO11 Or.3 | |||||
| 2015-09-10 | 2015-09-10 | Library Block B | 2015-09-10 | AGR | rua003693 | Library Block B | AGR ឡាយ 1995 BOO11 Or.4 | |||||
| 2015-09-10 | 2015-09-10 | Library Block B | 2015-09-10 | AGR | rua003765 | Library Block B | AGR ឡាយ 1995 BOO11 Or.5 | |||||
| 2015-09-10 | 2015-09-10 | Library Block B | 2015-09-10 | AGR | rua003692 | Library Block B | AGR ឡាយ 1995 BOO11 Or.6 | |||||
| 2015-09-10 | 2015-09-10 | Library Block B | 2015-09-10 | AGR | rua003764 | Library Block B | AGR ឡាយ 1995 BOO11 Or.7 |